[Event "Open C Gorges"]
[Site "?"]
[Date "2019.07.06"]
[Round "1"]
[White "GOURBILIERE, Noé"]
[Black "DEGREE, Florentin"]
[Result "0-1"]
[WhiteElo "1120"]
[BlackElo "1340"]
[PlyCount "54"]
[EventDate "2019.??.??"]

1. d4 d5 2. Nf3 Bf5 3. g3 Nf6 4. Bg2 e6 5. O-O Be7 6. b3 Nbd7 7. Bb2 Rc8 8. Nc3
c5 9. dxc5 Bxc5 10. Rc1 O-O 11. Nh4 Bg4 12. Nf3 Qe7 13. Nb5 Ne4 14. Qd3 a6 15.
Nc3 Nxc3 16. Qxc3 Bxf2+ 17. Rxf2 Rxc3 18. Bxc3 Qa3 19. Ra1 Rc8 20. Be1 Bxf3 21.
Rxf3 Rxc2 22. b4 Qb2 23. Rb3 Qxa1 24. Kf1 Rc1 25. Kf2 Rxe1 26. b5 Rxe2+ 27.
Kxe2 Qxa2+ 0-1

[Event "Open C Gorges"]
[Site "?"]
[Date "2019.07.06"]
[Round "1"]
[White "FAMEL, Diane"]
[Black "PERRIN, Cyril"]
[Result "1-0"]
[WhiteElo "1310"]
[BlackElo "1116"]
[PlyCount "89"]

1. e4 e5 2. Nc3 Nf6 3. f4 exf4 4. e5 Ng8 5. Nf3 f6 6. Qe2 Be7 7. d4 b6 8. Qe4
c6 9. d5 cxd5 10. Nxd5 Nc6 11. Bxf4 d6 12. exd6 f5 13. Nc7+ Qxc7 14. Qxe7+
Ncxe7 15. dxc7 Nf6 16. Bb5+ Bd7 17. Bxd7+ Nxd7 18. O-O O-O 19. Rad1 Nc5 20. Bd6
Rfe8 21. Bxc5 bxc5 22. Rd7 Rac8 23. Rfd1 Kf7 24. R1d6 g6 25. Ng5+ Kg7 26. Ne6+
Kh6 27. Rd8 Rexd8 28. Rxd8 g5 29. Kf2 Kg6 30. Rd7 Kf6 31. Nxc5 Ng8 32. Na6 Ke6
33. Rd8 Ne7 34. a4 Ke5 35. b4 Kf4 36. h3 h5 37. g3+ Ke4 38. b5 g4 39. hxg4 hxg4
40. a5 f4 41. b6 axb6 42. axb6 fxg3+ 43. Kxg3 Nf5+ 44. Kxg4 Ne3+ 45. Kg5 1-0

[Event "Open C Gorges"]
[Site "?"]
[Date "2019.07.06"]
[Round "1"]
[White "PICHAUD, Dorian"]
[Black "SIMON, Paul"]
[Result "0-1"]
[WhiteElo "1101"]
[BlackElo "1286"]
[PlyCount "108"]

1. e4 d5 2. exd5 Nf6 3. c4 e6 4. dxe6 Bxe6 5. Nc3 Nc6 6. Nf3 Bc5 7. h3 Qd7 8.
a3 a5 9. Nb5 Ne4 10. d4 Bb6 11. c5 Bxc5 12. Be3 Bb6 13. Bd3 Bd5 14. Rc1 O-O 15.
O-O Na7 16. Nc3 Nxc3 17. Rxc3 Nc6 18. Ng5 g6 19. Bc2 Qe7 20. Re1 Bxd4 21. Bxd4
Qxg5 22. Rg3 Qd8 23. Bc3 Qd6 24. Qc1 Rfe8 25. Rxe8+ Rxe8 26. Qh6 Ne5 27. f4
Qc5+ 28. Kf1 Bc4+ 29. Bd3 Bxd3+ 30. Rxd3 f6 31. fxe5 Qb5 32. exf6 Qxd3+ 33. Kg1
Qe3+ 34. Qxe3 Rxe3 35. Kf2 Re6 36. Kf3 Kf7 37. g3 Rxf6+ 38. Bxf6 Kxf6 39. a4
Ke5 40. Ke3 c6 41. Kd3 b5 42. axb5 cxb5 43. b3 h6 44. h4 h5 45. Ke3 a4 46. Kd3
a3 47. Kc2 b4 48. Kb1 Ke4 49. g4 hxg4 50. Ka1 g3 51. Kb1 g2 52. Ka2 g1=Q 53. h5
Qf2+ 54. Ka1 Qb2# 0-1

[Event "Open C Gorges"]
[Site "?"]
[Date "2019.07.06"]
[Round "?"]
[White "ALLARD NEDELLEC, Anna"]
[Black "ARCHAMBAUD, David"]
[Result "1-0"]
[WhiteElo "1284"]
[BlackElo "1072"]
[PlyCount "87"]

1. e4 e5 2. Nf3 Nc6 3. Nc3 Nf6 4. Bb5 d6 5. d4 exd4 6. Nxd4 Bd7 7. O-O Be7 8.
Nxc6 Bxc6 9. Bxc6+ bxc6 10. Bf4 O-O 11. f3 Rb8 12. b3 d5 13. Re1 Bb4 14. Bd2
dxe4 15. Nxe4 Qd4+ 16. Be3 Qxd1 17. Nxf6+ gxf6 18. Rexd1 a5 19. c4 Rfe8 20. Bf4
Bc3 21. Rac1 Be5 22. Bd2 Bd4+ 23. Kf1 Re5 24. Bf4 Be3 25. Bxe5 Bxc1 26. Bxc7
Rb7 27. Bxa5 Ra7 28. Bc3 Bf4 29. Bxf6 Bc7 30. Re1 Ra8 31. Re7 Bd6 32. Rd7 Bf8
33. Rd8 Rxd8 34. Bxd8 Ba3 35. b4 Bxb4 36. a4 Bc5 37. a5 Kf8 38. Bb6 Bd6 39. a6
Bb8 40. a7 Bxa7 41. Bxa7 Ke7 42. Ke2 Kd6 43. Ke3 c5 44. Ke4 1-0

[Event "Open C Gorges"]
[Site "?"]
[Date "2019.07.06"]
[Round "1"]
[White "GOURBILIERE, Robin"]
[Black "JONIK, Eloi"]
[Result "1-0"]
[WhiteElo "1067"]
[BlackElo "1262"]
[PlyCount "121"]

1. d4 d5 2. Nf3 Nf6 3. g3 Bf5 4. Bg2 e6 5. O-O c5 6. Be3 Qb6 7. b3 Nc6 8. c4
dxc4 9. bxc4 cxd4 10. Nxd4 Bc5 11. Nxf5 exf5 12. Bxc5 Qxc5 13. Qc2 O-O 14. Nd2
Nd4 15. Qd3 Rfe8 16. e3 Nc6 17. Nb3 Qe5 18. Rab1 Rad8 19. Qc2 h5 20. Rfd1 h4
21. Rxd8 Rxd8 22. Rd1 Rxd1+ 23. Qxd1 hxg3 24. hxg3 Ng4 25. Qd7 Qb2 26. Qxf5
Nce5 27. Be4 g6 28. Qf4 Qe2 29. Nc5 Nxc4 30. Bd3 Qd1+ 31. Kg2 Nce5 32. Be4 b6
33. Bf3 Nxf3 34. Qxf3 Qxf3+ 35. Kxf3 Nh2+ 36. Ke4 bxc5 37. Kd5 Ng4 38. Kxc5
Nxf2 39. Kb5 Kg7 40. Ka6 Kf6 41. Kxa7 Nd3 42. a4 Ne5 43. Kb6 Ke6 44. Kc5 Kd7
45. a5 Kc7 46. a6 Kb8 47. Kd5 f6 48. Ke4 Ka7 49. Kf4 Nd3+ 50. Ke4 Nc5+ 51. Kd5
Nd7 52. Ke6 Kxa6 53. Kxd7 Kb5 54. Ke6 Kc4 55. Kxf6 Kd3 56. Kxg6 Kxe3 57. g4 Ke4
58. Kh6 Kf4 59. g5 Kf5 60. g6 Ke6 61. Kh7 1-0

[Event "Oepn C Gorges"]
[Site "?"]
[Date "2019.07.06"]
[Round "1"]
[White "PICHERIT, Olivier"]
[Black "CARNET, Baptiste"]
[Result "1-0"]
[WhiteElo "1216"]
[BlackElo "1060"]
[PlyCount "57"]

1. e4 d5 2. exd5 Nf6 3. c4 e6 4. Qe2 Bc5 5. d3 O-O 6. Be3 Bxe3 7. fxe3 exd5 8.
Qd2 Nc6 9. Be2 Ng4 10. Nf3 Qf6 11. O-O Qg6 12. a3 Nxh2 13. Nxh2 Qg3 14. Rf3 Qg5
15. Bf1 Ne5 16. Rf4 Ng4 17. Nf3 Re8 18. Nc3 Qh5 19. g3 Re6 20. Nxd5 Rh6 21. Qg2
Bd7 22. e4 Re8 23. Re1 Ree6 24. Rf5 Qh3 25. Qxh3 Rxh3 26. Bxh3 Rh6 27. Bxg4
Bxf5 28. Bxf5 Rh3 29. Bxh3 1-0

[Event "Open C Gorges"]
[Site "?"]
[Date "2019.07.06"]
[Round "1"]
[White "CARNET, Damien"]
[Black "KOLENDOWICZ, Udo"]
[Result "1-0"]
[WhiteElo "1041"]
[BlackElo "1202"]
[PlyCount "69"]

1. e4 d5 2. exd5 Nf6 3. d4 Nxd5 4. Bc4 Nb6 5. Bb3 Nc6 6. c3 Bf5 7. Nf3 h6 8.
O-O e6 9. Bf4 Bd6 10. Ne5 O-O 11. Nxc6 bxc6 12. Qf3 Bxf4 13. Qxf4 Nd5 14. Qg3
Rb8 15. Nd2 a5 16. Nc4 Bd3 17. Qxd3 Nf4 18. Qf3 Qg5 19. Ne3 Rb6 20. Rad1 Rfb8
21. c4 a4 22. Bxa4 Ng6 23. b3 Qe7 24. Bxc6 Nh4 25. Qe4 Qg5 26. d5 Kh8 27. dxe6
f5 28. Qd5 Qg6 29. Qd7 f4 30. Qe7 fxe3 31. Rd8+ Rxd8 32. Qxd8+ Kh7 33. Bd5 Nf5
34. e7 Nd6 35. Qg8# 1-0

[Event "Open C Gorges"]
[Site "?"]
[Date "2019.07.06"]
[Round "1"]
[White "LEGENDRE, Aurélien"]
[Black "SOULARD, Arthur"]
[Result "1-0"]
[WhiteElo "1202"]
[BlackElo "1017"]
[PlyCount "43"]

1. c4 d6 2. Nc3 g6 3. e3 Bg7 4. d4 Nf6 5. Nf3 O-O 6. Be2 b6 7. O-O Bb7 8. d5 c6
9. e4 cxd5 10. exd5 e5 11. dxe6 fxe6 12. Nd4 Qd7 13. Qb3 d5 14. Bf4 Ne4 15. Be3
Bxd4 16. Bxd4 Nd2 17. Qc2 Nxf1 18. Rxf1 Qc6 19. cxd5 exd5 20. Qd2 Qd7 21. Qh6
Nc6 22. Bg4 1-0

[Event "Open C Gorges"]
[Site "?"]
[Date "2019.07.06"]
[Round "1"]
[White "ARCHAMBAUD, Clémence"]
[Black "CAMPOS, Léo"]
[Result "0-1"]
[WhiteElo "1010"]
[BlackElo "1193"]
[PlyCount "60"]

1. e4 c5 2. Nf3 Nc6 3. Bc4 e6 4. O-O Nf6 5. Nc3 d5 6. exd5 exd5 7. Bb5 Be7 8.
d3 O-O 9. Bf4 d4 10. Ne2 Qb6 11. Bxc6 Qxc6 12. Ng3 Nd5 13. Qd2 f6 14. Bh6 gxh6
15. Qxh6 Re8 16. Nh5 Bf8 17. Qd2 Bg4 18. Nf4 Bh6 19. Rfe1 Nxf4 20. Rxe8+ Rxe8
21. Re1 Nh3+ 22. gxh3 Bxd2 23. Rxe8+ Qxe8 24. hxg4 Qg6 25. Nxd2 Qxg4+ 26. Kf1
Qd1+ 27. Kg2 Qxd2 28. c3 Qxd3 29. cxd4 cxd4 30. Kh1 Qf1# 0-1

[Event "Open C Gorges"]
[Site "?"]
[Date "2019.07.06"]
[Round "1"]
[White "GOURBILIERE, Julie"]
[Black "FERNANDES MERLET, Nolan"]
[Result "0-1"]
[WhiteElo "1009"]
[BlackElo "1151"]
[PlyCount "72"]

1. d4 d5 2. Nf3 Nc6 3. g3 Bf5 4. Bg2 Nf6 5. O-O e6 6. b3 Bd6 7. Bb2 O-O 8. c4
b6 9. Nbd2 h6 10. Rc1 Bb4 11. cxd5 Ne7 12. dxe6 Bxe6 13. Nh4 Rb8 14. Ne4 Nh7
15. e3 Bd7 16. Rc2 Bb5 17. Qc1 Bxf1 18. Bxf1 c6 19. Bg2 Qd7 20. Nd2 Rbc8 21.
Nhf3 Qd6 22. Ne5 Bxd2 23. Ba3 Qxe5 24. dxe5 Bxc1 25. Bxe7 Rfe8 26. Bb4 Bxe3 27.
fxe3 Rxe5 28. Bd2 Nf6 29. Bc3 Rc5 30. Bh3 Rd8 31. b4 Rc4 32. Bf1 Rd1 33. Kg2
Rxf1 34. Kxf1 Ne4 35. Ke1 Rxc3 36. Re2 Rc1# 0-1

[Event "Open C Gorges"]
[Site "?"]
[Date "2019.07.06"]
[Round "2"]
[White "DEGREE, Florentin"]
[Black "AUROY, Yannick"]
[Result "1-0"]
[WhiteElo "1340"]
[BlackElo "1185"]
[PlyCount "63"]

1. e4 c5 2. Nf3 Nc6 3. d4 cxd4 4. Nxd4 e5 5. Nf3 Be7 6. Nc3 Nf6 7. Bb5 d6 8.
O-O O-O 9. h3 Bd7 10. Qe2 Nd4 11. Nxd4 exd4 12. Bxd7 Nxd7 13. Nd5 Re8 14. c4
Ne5 15. b3 Bg5 16. Bxg5 Qxg5 17. Nc7 d3 18. Qd1 Rac8 19. Nxe8 Rxe8 20. f4 Qh4
21. fxe5 Qxe4 22. exd6 Qd4+ 23. Kh1 Qxd6 24. Rf5 Qg3 25. Rf3 Qg6 26. Rxd3 f6
27. Rd8 h6 28. Qd5+ Kh7 29. Rxe8 Qxe8 30. Rd1 Qe2 31. Qd3+ Qxd3 32. Rxd3 1-0

[Event "Open C Gorges"]
[Site "?"]
[Date "2019.07.06"]
[Round "2"]
[White "CAMPOS, Léo"]
[Black "FAMEL, Diane"]
[Result "0-1"]
[WhiteElo "1193"]
[BlackElo "1310"]
[PlyCount "74"]

1. e4 d5 2. exd5 Qxd5 3. Nc3 Qa5 4. Nf3 Nf6 5. d4 c6 6. Bd2 Bf5 7. Bc4 e6 8.
Nd5 Qd8 9. Nxf6+ Qxf6 10. Bg5 Qg6 11. Qd2 h6 12. Ne5 Qxg5 13. f4 Qf6 14. O-O-O
Qe7 15. Rhe1 Nd7 16. d5 cxd5 17. Bxd5 O-O-O 18. Bxb7+ Kxb7 19. Nxd7 Qd6 20. Qa5
Qxf4+ 21. Kb1 Qb4 22. Qxb4+ Bxb4 23. Re2 Rc8 24. Rf2 Rhd8 25. Kc1 Rc7 26. Ne5
Rxd1+ 27. Kxd1 f6 28. Nf3 Rd7+ 29. Kc1 Rc7 30. c3 Bc5 31. Rf1 Rd7 32. Re1 Rd3
33. Nd2 Be3 34. Rd1 Bg4 35. Kc2 Rd5 36. Nf3 Bf5+ 37. Kb3 Rxd1 0-1

[Event "Open C Gorges"]
[Site "?"]
[Date "2019.07.06"]
[Round "2"]
[White "SIMON, Paul"]
[Black "GOURBILIERE, Robin"]
[Result "1-0"]
[WhiteElo "1286"]
[BlackElo "1067"]
[PlyCount "131"]

1. e4 d6 2. d4 Nf6 3. Nc3 g6 4. Nf3 Bg7 5. h3 O-O 6. Be2 c5 7. dxc5 dxc5 8. O-O
Nc6 9. Be3 b6 10. Bb5 Bb7 11. a4 a6 12. Bc4 Na5 13. Be2 Nxe4 14. Nxe4 Bxe4 15.
Rb1 Nc6 16. Bd3 Bxd3 17. Qxd3 Qxd3 18. cxd3 Rfd8 19. Rfd1 Rd7 20. Rd2 Rad8 21.
Rbd1 Ne5 22. Nxe5 Bxe5 23. a5 bxa5 24. Bxc5 Rb8 25. d4 Bd6 26. Bxd6 Rxd6 27.
Re1 e6 28. Re5 Rb5 29. Re3 Rbd5 30. Ra3 Rxd4 31. Rxd4 Rxd4 32. Rxa5 Rb4 33.
Rxa6 Rxb2 34. g3 Kg7 35. Ra7 Rb8 36. Kg2 h5 37. h4 Rf8 38. f3 Kh6 39. Ra5 Rg8
40. Ra7 f5 41. Re7 g5 42. Rxe6+ Rg6 43. hxg5+ Kxg5 44. Rxg6+ Kxg6 45. Kh3 Kg5
46. f4+ Kg6 47. Kg2 Kf6 48. Kf2 Kg6 49. Ke3 Kf6 50. Kd4 Ke6 51. Kc5 Ke7 52. Kd5
Kf6 53. Kd6 Kg7 54. Ke6 Kg6 55. Ke5 Kh6 56. Kxf5 Kg7 57. Kg5 Kf7 58. Kxh5 Kf6
59. g4 Kg7 60. g5 Kf7 61. g6+ Kg7 62. f5 Kg8 63. Kh6 Kh8 64. g7+ Kg8 65. f6 Kf7
66. Kh7 1-0

[Event "Open C Gorges"]
[Site "?"]
[Date "2019.07.06"]
[Round "2"]
[White "FERNANDES MERLET, Nolan"]
[Black "ALLARD NEDELLEC, Anna"]
[Result "0-1"]
[WhiteElo "1151"]
[BlackElo "1284"]
[PlyCount "98"]

1. e4 e6 2. d4 d5 3. e5 c5 4. c3 Nc6 5. Nf3 Nge7 6. a3 Ng6 7. b4 cxd4 8. cxd4
a6 9. Bd3 b5 10. O-O Qb6 11. Bb2 Be7 12. h3 a5 13. Bxg6 hxg6 14. Nc3 axb4 15.
axb4 Bb7 16. Rxa8+ Bxa8 17. Qd3 Nxb4 18. Qxb5+ Qxb5 19. Nxb5 Bb7 20. Ra1 O-O
21. Ra7 Rb8 22. Ra1 Bc6 23. Na7 Ra8 24. Nxc6 Rxa1+ 25. Bxa1 Nxc6 26. Bb2 f5 27.
h4 Kh7 28. Kh2 Kh6 29. Kh3 Kh5 30. g3 Nd8 31. Bc1 Nf7 32. Bd2 g5 33. hxg5 Nxg5+
34. Bxg5 Bxg5 35. Nxg5 Kxg5 36. f4+ Kh5 37. Kg2 Kg4 38. Kf2 g5 39. fxg5 Kxg5
40. Kf3 Kh5 41. Kf4 Kg6 42. g4 fxg4 43. Kxg4 Kh6 44. Kf4 Kh5 45. Ke3 Kg4 46.
Ke2 Kf4 47. Kd2 Ke4 48. Kc3 Ke3 49. Kb4 Kxd4 0-1

[Event "Open C Gorges"]
[Site "?"]
[Date "2019.07.06"]
[Round "2"]
[White "CARNET, Damien"]
[Black "PICHERIT, Olivier"]
[Result "0-1"]
[WhiteElo "1041"]
[BlackElo "1216"]
[PlyCount "105"]

1. d4 d5 2. Nf3 Nc6 3. c4 Nf6 4. Nc3 Bg4 5. e3 e6 6. Be2 Bd6 7. O-O O-O 8. a3
a6 9. Re1 Qd7 10. Nh4 Bxe2 11. Qxe2 Qe7 12. c5 Nd7 13. g3 Nxc5 14. dxc5 Bxc5
15. Na4 Bd6 16. Qg4 Ne5 17. Qd4 c5 18. Nxc5 Rac8 19. b4 Rc6 20. e4 Qxh4 21. Re3
Qg4 22. Qc3 d4 23. Qe1 dxe3 24. Qxe3 Bxc5 25. bxc5 Rd8 26. Bb2 f6 27. Qb3 Nf3+
28. Kg2 Nh4+ 29. Kg1 Nf3+ 30. Kg2 b5 31. h3 Qxe4 32. Qxf3 Qxf3+ 33. Kxf3 Rxc5
34. Kg2 Rd2 35. Rb1 Rcc2 36. Re1 Rxb2 37. Rc1 Rxf2+ 38. Kg1 Rfc2 39. Rd1 Ra2
40. Rd8+ Kf7 41. Rd1 Rxa3 42. Rd7+ Ke8 43. Rd1 Rca2 44. Rd6 Rb3 45. Rxe6+ Kf7
46. Re1 Rxg3+ 47. Kf1 b4 48. h4 b3 49. Rd1 Kg6 50. Re1 b2 51. Re2 b1=Q+ 52. Kf2
Rxe2+ 53. Kxe2 0-1

[Event "Open C Gorges"]
[Site "?"]
[Date "2019.07.06"]
[Round "2"]
[White "RETAILLEAU, Bernard"]
[Black "LEGENDRE, Aurélien"]
[Result "0-1"]
[WhiteElo "1009"]
[BlackElo "1202"]
[PlyCount "90"]

1. d4 d5 2. Bf4 e6 3. e3 Nf6 4. Nd2 Nbd7 5. c3 c5 6. Ngf3 Be7 7. h3 O-O 8. Qc2
c4 9. g4 b5 10. g5 Nh5 11. h4 Nxf4 12. exf4 Qc7 13. Ne5 Bd6 14. Ndf3 f6 15.
Nxd7 Bxd7 16. gxf6 Rxf6 17. Ng5 g6 18. Rg1 Bc6 19. Bh3 Re8 20. h5 Bxf4 21. Kf1
Be3 22. Rg2 Bxg5 23. Rxg5 Qf7 24. Re1 Bd7 25. Bg4 Rf8 26. Re2 Kg7 27. hxg6 Rxg6
28. Bh5 e5 29. Bxg6 hxg6 30. Rgxe5 Qf3 31. Re7+ Kh6 32. R2e3 Qh1+ 33. Ke2 Bg4+
34. f3 Qg2+ 35. Kd1 Qf1+ 36. Re1 Bxf3+ 37. Kc1 Qh3 38. b3 Be4 39. Qd2+ g5 40.
Re5 Qg3 41. Rh1+ Bxh1 42. Re6+ Kg7 43. Re5 Rf1+ 44. Re1 Rxe1+ 45. Qxe1 Qxe1+
0-1

[Event "Open C Gorges"]
[Site "?"]
[Date "2019.07.06"]
[Round "2"]
[White "JONIK, Eloi"]
[Black "ARCHAMBAUD, David"]
[Result "0-1"]
[WhiteElo "1262"]
[BlackElo "1072"]
[PlyCount "86"]

1. e4 e5 2. Nf3 Nc6 3. Bc4 Nf6 4. d4 exd4 5. Nxd4 Nxe4 6. Qh5 Qf6 7. f3 Nxd4 8.
Na3 Bxa3 9. fxe4 Nxc2+ 10. Ke2 Nxa1 11. Rf1 g6 12. Bxf7+ Kd8 13. Qd5 Qa6+ 14.
Kf2 Bd6 15. e5 Bb4 16. a3 Be7 17. e6 c6 18. Qe5 Rf8 19. Bg5 Qb6+ 20. Ke2 Qb5+
21. Qxb5 cxb5 22. Bh6 dxe6 23. Rd1+ Kc7 24. Bxf8 Bxf8 25. Rxa1 Kd7 26. Bg8 h5
27. Bh7 g5 28. Bd3 a6 29. Rd1 Ke7 30. Rf1 h4 31. Bg6 Bh6 32. Rf7+ Kd6 33. Rh7
Bf8 34. Rh8 Bg7 35. Rd8+ Kc7 36. Re8 Bxb2 37. Bf7 Bxa3 38. Bxe6 Bxe6 39. Rxa8
b4 40. Rf8 b3 41. Kd2 Bd5 42. Rf2 b2 43. Kc2 Be4+ 0-1

[Event "Open C Gorges"]
[Site "?"]
[Date "2019.07.06"]
[Round "2"]
[White "KOLENDOWICZ, Udo"]
[Black "ARCHAMBAUD, Clémence"]
[Result "1-0"]
[WhiteElo "1202"]
[BlackElo "1010"]
[PlyCount "29"]

1. e4 e5 2. f4 exf4 3. Nf3 Nc6 4. Bc4 Bc5 5. d4 Bb6 6. Bxf4 Nge7 7. Nc3 Ng6 8.
Bg3 O-O 9. h4 d6 10. Ng5 Nxd4 11. Na4 Bc5 12. c3 Ne6 13. Qh5 Nxg5 14. hxg5 Kh8
15. Qxh7# 1-0

[Event "Open C Gorges"]
[Site "?"]
[Date "2019.07.06"]
[Round "2"]
[White "CARNET, Baptiste"]
[Black "GOURBILLIERE, Noé"]
[Result "1-0"]
[WhiteElo "1060"]
[BlackElo "1120"]
[PlyCount "61"]

1. e4 d6 2. d4 Nf6 3. Nc3 g6 4. Bb5+ Bd7 5. Bd3 Bg7 6. Be3 Ng4 7. Qf3 Nf6 8. e5
Bc6 9. d5 Nxd5 10. Nxd5 e6 11. Nh3 Bxd5 12. Qf4 Bxe5 13. Qg4 Bxb2 14. Ng5 Bxa1
15. Qf4 O-O 16. Qh4 h5 17. Qf4 Be5 18. Qh4 Bc3+ 19. Bd2 Bf6 20. O-O Nc6 21. Qf4
Bxg5 22. Qxg5 Qxg5 23. Bxg5 Nb4 24. Re1 Nxa2 25. Re3 Nb4 26. Rh3 a5 27. g4 Nxd3
28. gxh5 gxh5 29. Rxh5 Ra6 30. Bf6 Rb6 31. Rh8# 1-0

[Event "Open C Gorges"]
[Site "?"]
[Date "2019.07.06"]
[Round "2"]
[White "PERRIN, Cyril"]
[Black "GOURBILIERE, Julie"]
[Result "1-0"]
[WhiteElo "1116"]
[BlackElo "1009"]
[PlyCount "37"]

1. e4 d6 2. d4 Nf6 3. Nc3 g6 4. Nf3 Bg7 5. Bg5 O-O 6. Bd3 b6 7. d5 Bb7 8. h4
Na6 9. Qd2 Ng4 10. O-O-O c5 11. h5 Re8 12. hxg6 fxg6 13. Qf4 Nf6 14. Bxf6 Bxf6
15. Qh6 Kf7 16. Qxh7+ Bg7 17. Ng5+ Kf6 18. Ne6 Rh8 19. Qxg7# 1-0

[Event "Open C Gorges"]
[Site "?"]
[Date "2019.07.06"]
[Round "2"]
[White "SOULARD, Arthur"]
[Black "PICHAUD, Dorian"]
[Result "0-1"]
[WhiteElo "1017"]
[BlackElo "1101"]
[PlyCount "106"]

1. e4 c5 2. Nf3 d6 3. d4 cxd4 4. Nxd4 Nf6 5. Nc3 a6 6. Bd3 e6 7. O-O Be7 8. Be3
Nbd7 9. Qf3 Qc7 10. Qg3 Rg8 11. f4 b5 12. a3 Bb7 13. f5 e5 14. Nf3 g6 15. fxg6
Rxg6 16. Qe1 Ng4 17. Nd5 Bxd5 18. exd5 Nxe3 19. Qxe3 Rg8 20. Bxh7 Rh8 21. Be4
Nc5 22. Bf5 Bd8 23. b4 Na4 24. Nd4 Qa7 25. Rae1 Bb6 26. Kh1 Bxd4 27. Qg5 Qe7
28. Qg7 Qf8 29. Qg4 Qe7 30. Re2 Qh4 31. Qxh4 Rxh4 32. g3 Nc3 33. Rxe5+ Bxe5 34.
gxh4 a5 35. Rf3 axb4 36. axb4 Nxd5 37. Rh3 Nxb4 38. h5 Ke7 39. h6 Kf6 40. Be4
d5 41. Bf3 Ke6 42. Rh4 Nxc2 43. h7 b4 44. Be2 b3 45. Bd3 Bh8 46. Rg4 Bf6 47.
Rg8 Ra1+ 48. Kg2 Rd1 49. Be2 Rd2 50. Kf3 b2 51. h8=Q Bxh8 52. Rxh8 b1=Q 53.
Re8+ Kf6 0-1

[Event "Open C Gorges"]
[Site "?"]
[Date "2019.07.06"]
[Round "3"]
[White "ALLARD NEDELLEC, Anna"]
[Black "DEGREE, Florentin"]
[Result "1/2-1/2"]
[WhiteElo "1284"]
[BlackElo "1340"]
[PlyCount "80"]

1. e4 e5 2. Nf3 Nc6 3. Nc3 Nf6 4. Bb5 d6 5. d4 Bd7 6. O-O exd4 7. Nxd4 Be7 8.
Bf4 O-O 9. Nxc6 bxc6 10. Bc4 Be6 11. Bxe6 fxe6 12. e5 Nd5 13. Nxd5 exd5 14.
exd6 Bxd6 15. Bxd6 Qxd6 16. Qd4 Rf4 17. Qc3 Re4 18. Rfe1 Rae8 19. Rxe4 Rxe4 20.
Re1 Qe6 21. Rxe4 Qxe4 22. Kf1 Qa4 23. Ke2 Qe4+ 24. Kf1 Qa4 25. b3 Qa6+ 26. Ke1
Qxa2 27. Qxc6 Qa1+ 28. Kd2 Qd4+ 29. Ke2 Qe5+ 30. Kd2 Qd4+ 31. Ke2 Qg4+ 32. Kd3
Qe4+ 33. Kd2 Qd4+ 34. Ke1 Qe4+ 35. Kd2 Qd4+ 36. Ke2 Qg4+ 37. Kd2 Qf4+ 38. Ke2
Qg4+ 39. Kd2 Qd4+ 40. Ke2 Qe5+ 1/2-1/2

[Event "Open C Gorges"]
[Site "?"]
[Date "2019.07.06"]
[Round "3"]
[White "FAMEL, Diane"]
[Black "PICHERIT, Olivier"]
[Result "1-0"]
[WhiteElo "1310"]
[BlackElo "1216"]
[PlyCount "99"]

1. e4 e5 2. Nc3 Bb4 3. f4 Bxc3 4. dxc3 Nc6 5. Nf3 d6 6. Bc4 Qe7 7. O-O Nf6 8.
Re1 O-O 9. Qe2 a6 10. Qf2 Be6 11. Bxe6 Qxe6 12. Qg3 Qg4 13. Qxg4 Nxg4 14. h3
Nf6 15. b4 b5 16. Bd2 Rfe8 17. Re2 Nd7 18. Rae1 Nb6 19. fxe5 dxe5 20. Be3 Nc4
21. Bc5 Rad8 22. Rf1 h6 23. Nh4 Rd7 24. Nf5 Rd2 25. Rxd2 Nxd2 26. Re1 Re6 27.
Re2 Nc4 28. Ne3 Na3 29. Nd5 Re8 30. Nxc7 Rd8 31. Nxa6 Rd1+ 32. Kh2 Rc1 33. Be3
Rxc2 34. Rxc2 Nxc2 35. Bc1 Kh7 36. Nc7 Na7 37. Nd5 Kg6 38. Kg3 h5 39. Ne7+ Kh7
40. Nf5 g6 41. Ne3 Nxe3 42. Bxe3 Nc6 43. Kh4 f5 44. exf5 gxf5 45. Kg5 f4 46.
Bc5 e4 47. Kxf4 Kg6 48. Kxe4 Kf6 49. Bd4+ Nxd4 50. cxd4 1-0

[Event "Open C Gorges"]
[Site "?"]
[Date "2019.07.06"]
[Round "3"]
[White "LEGENDRE, Aurélien"]
[Black "SIMON, Paul"]
[Result "0-1"]
[WhiteElo "1202"]
[BlackElo "1286"]
[PlyCount "66"]

1. c4 e5 2. e3 Nf6 3. Nc3 d5 4. d4 exd4 5. exd4 Bb4 6. cxd5 Nxd5 7. Qb3 Bxc3+
8. bxc3 O-O 9. Nf3 Re8+ 10. Be2 b6 11. c4 Nf6 12. Be3 Nc6 13. O-O Bb7 14. c5
Qd5 15. Bc4 Qd7 16. Ng5 Nd8 17. Rad1 h6 18. Nh3 Bd5 19. Nf4 Bxc4 20. Qxc4 Ne6
21. c6 Qd6 22. d5 Nxf4 23. Bxf4 Qd8 24. d6 cxd6 25. Rxd6 Qc8 26. Bxh6 Qf5 27.
Be3 Rac8 28. Qh4 Re6 29. Rfd1 Rxd6 30. Re1 Rdxc6 31. Qg3 Rc2 32. Bh6 g6 33. Re5
Rc1+ 0-1

[Event "Open C Gorges"]
[Site "?"]
[Date "2019.07.06"]
[Round "3"]
[White "ARCHAMBAUD, David"]
[Black "KOLENDOWICZ, Udo"]
[Result "1-0"]
[WhiteElo "1072"]
[BlackElo "1202"]
[PlyCount "89"]
[EventDate "2019.??.??"]

1. d4 c5 2. c3 cxd4 3. cxd4 Nf6 4. Bf4 Nd5 5. Bg3 Qa5+ 6. Qd2 Nc6 7. Qxa5 Nxa5
8. Nf3 e6 9. e3 Bb4+ 10. Nbd2 Nc6 11. Be2 a6 12. O-O b5 13. Nb3 d6 14. a3 Ba5
15. Nxa5 Nxa5 16. Bxd6 Kd7 17. Bg3 f6 18. Rac1 Bb7 19. e4 Rac8 20. exd5 Bxd5
21. h3 Nc4 22. Rc2 Be4 23. Rc3 a5 24. Bxc4 b4 25. axb4 axb4 26. Rcc1 Ke7 27.
Bb5 Bc2 28. Rfe1 Rhd8 29. Re2 b3 30. Ne1 Rxd4 31. Nxc2 Rd5 32. Ba6 Rcc5 33. Bb7
Rd7 34. Bf3 e5 35. Ree1 Rdc7 36. Re2 Rd7 37. Be4 g6 38. f4 f5 39. Bf3 e4 40.
Be1 Rdc7 41. Bb4 Kf6 42. Bxc5 Rxc5 43. Re3 exf3 44. Rxb3 Rc6 45. Rxf3 1-0

[Event "Open C Gorges"]
[Site "?"]
[Date "2019.07.06"]
[Round "3"]
[White "GOURBILIERE, Robin"]
[Black "CAMPOS, Léo"]
[Result "0-1"]
[WhiteElo "1067"]
[BlackElo "1193"]
[PlyCount "68"]

1. d4 d5 2. Nf3 e6 3. g3 c5 4. c3 Nc6 5. Be3 Qb6 6. Qd2 Nf6 7. Bg2 Ne4 8. Qc2
Bd7 9. Nbd2 cxd4 10. cxd4 Nxd2 11. Bxd2 Rc8 12. O-O Nxd4 13. Qd3 Bc5 14. Bc3
Bb5 15. Qd2 Nxe2+ 16. Kh1 Nxc3 17. Qxc3 Bxf1 18. Bxf1 O-O 19. Rc1 Ba3 20. Qxc8
Rxc8 21. Rxc8+ Bf8 22. Ne5 Qd6 23. f4 f6 24. Nf3 Qd7 25. Rc1 b6 26. a3 a5 27.
Nd4 Bc5 28. Bb5 Qb7 29. Nc6 d4 30. Rd1 h6 31. Kg1 Qc7 32. b4 axb4 33. axb4 Bxb4
34. Rxd4 Bc5 0-1

[Event "Open C Gorges"]
[Site "?"]
[Date "2019.07.06"]
[Round "3"]
[White "AUROY, Yannick"]
[Black "CARNET, Baptiste"]
[Result "1-0"]
[WhiteElo "1185"]
[BlackElo "1060"]
[PlyCount "89"]

1. e4 d5 2. e5 Nc6 3. d4 Bf5 4. Bb5 e6 5. Nf3 Qd7 6. O-O Bb4 7. a3 Ba5 8. Nbd2
Nge7 9. Nb3 Bb6 10. Bg5 a6 11. Ba4 h6 12. Bf6 gxf6 13. exf6 O-O-O 14. fxe7 Qxe7
15. Bxc6 bxc6 16. Ne5 Rhg8 17. Nxc6 Qg5 18. g3 Rd6 19. Ne5 Be4 20. Qe2 Qf6 21.
Qxa6+ Kb8 22. f3 Bxd4+ 23. Nxd4 Rxa6 24. Nd7+ Kc8 25. Nxf6 Rg6 26. fxe4 c5 27.
exd5 exd5 28. Nxd5 Rgd6 29. Ne7+ Kd8 30. Ndf5 Re6 31. Rad1+ Kc7 32. Nd5+ Kb7
33. Nc3 Rab6 34. b3 h5 35. Na4 Ra6 36. Nxc5+ Kb6 37. Nxe6 Kb5 38. a4+ Kb4 39.
Rd4+ Ka3 40. Nc5 Rc6 41. Rc4 f6 42. Nd4 Rb6 43. Rf2 Rc6 44. c3 Rc8 45. Nb5# 1-0

[Event "Open C Gorges"]
[Site "?"]
[Date "2019.07.06"]
[Round "3"]
[White "FERNANDES MERLET, Nolan"]
[Black "CARNET, Damien"]
[Result "1-0"]
[WhiteElo "1151"]
[BlackElo "1041"]
[PlyCount "77"]

1. e4 d5 2. e5 Nc6 3. Nf3 Bg4 4. Bb5 Qd7 5. O-O O-O-O 6. a4 Qe6 7. Nc3 Nxe5 8.
Re1 c6 9. Rxe5 Qxe5 10. Nxe5 Bxd1 11. Nxf7 Re8 12. Bf1 Bxc2 13. Nxh8 e5 14. Nf7
Bc5 15. Kh1 Bxf2 16. Nd6+ Kd8 17. Nxe8 Kxe8 18. d3 Nf6 19. Bg5 Bc5 20. Bxf6
gxf6 21. b3 d4 22. Ne4 Be7 23. Rc1 Bxb3 24. Rb1 Bd5 25. Rxb7 f5 26. Ng3 f4 27.
Nf5 Bg5 28. Rxa7 c5 29. Rxh7 f3 30. a5 Be3 31. a6 c4 32. dxc4 d3 33. Nxe3 Bc6
34. Bxd3 e4 35. Bc2 fxg2+ 36. Kxg2 Kf8 37. a7 Kg8 38. Rc7 Be8 39. a8=Q 1-0

[Event "Open C Gorges"]
[Site "?"]
[Date "2019.07.06"]
[Round "3"]
[White "PERRIN, Stéphane"]
[Black "PERRIN, Cyril"]
[Result "0-1"]
[WhiteElo "1050"]
[BlackElo "1116"]
[PlyCount "55"]

1. f3 e5 2. Nc3 Nf6 3. e4 Bb4 4. Bb5 a6 5. Bd3 Nc6 6. a3 Bxc3 7. dxc3 h6 8. Be3
d5 9. exd5 Nxd5 10. Bf2 O-O 11. Bc5 Re8 12. Qe2 b6 13. Bb4 a5 14. Qe4 f5 15.
Qe2 axb4 16. cxb4 Ncxb4 17. Bc4 e4 18. fxe4 Rxe4 19. Qxe4 fxe4 20. Ne2 Nxc2+
21. Kd1 e3 22. Kc1 Nxa1 23. Kb1 Ba6 24. Bxd5+ Qxd5 25. Nc3 Bd3+ 26. Kxa1 Qc4
27. Ne2 Bxe2 28. Re1 0-1